Länder anhand von Flaggen erraten #3 - Statistiken

Allgemein
  • Dieses Quiz wurde 31 mal gespielt
  • Das Durchschnittsergebnis liegt bei 9 aus 15
Antwortstatistiken
Hinweis Antwort % Korrekt
🇦🇱 Albanien
100%
🇦🇷 Argentinien
76%
🇵🇪 Peru
69%
🇸🇯 Norwegen
66%
🇭🇳 Honduras
62%
🇰🇵 Nordkorea
62%
🇦🇴 Angola
59%
🇭🇲 Australien
59%
🇵🇭 Philippinen
59%
🇦🇿 Aserbaidschan
55%
🇲🇳 Mongolei
48%
🇿🇼 Simbabwe
48%
🇩🇲 Dominica
41%
🇲🇬 Madagaskar
41%
🇸🇱 Sierra Leone
28%
Keine übereinstimmenden Quizze gefunden
Verteilung der Resultate
Anzahl Personen mit jedem Resultat
Perzentil nach korrekt beantworteten Fragen
Ihre Resultats-Entwicklung
Sie haben dieses Quiz noch nicht gespielt